| 000 | 00686nam a2200193Ia 4500 | ||
|---|---|---|---|
| 003 | LDD | ||
| 008 | 190117s9999 xx 000 0 und d | ||
| 020 | _c₹225 | ||
| 040 | _cLDD | ||
| 041 | _ahi | ||
| 082 | _a8S2.2 शू4663मृ | ||
| 100 | _aराकेश, मोहन | ||
| 245 | 0 |
_aमहाकवि शूद्रक कृतः मृच्छकटिक _cमोहन राकेश |
|
| 260 |
_aनई दिल्ली _bराष्ट्रीय नाट्य विद्यालय _c1999 |
||
| 300 | _a211पृ. | ||
| 901 | _aMPD PVA | ||
| 904 | _aReqst by : G.Bhardawaja | ||
| 942 |
_2ddc _cH |
||
| 999 |
_c168178 _d168178 |
||